Electrónica industrial: técnicas de potencia
Salvato in:
| Autore principale: | |
|---|---|
| Altri autori: | , |
| Natura: | Libro |
| Lingua: | Spanish |
| Pubblicazione: |
México, Distrito Federal : Alfaomega
1992
|
| Edizione: | 2 edición |
| Soggetti: | |
| Tags: |
Aggiungi Tag
Nessun Tag, puoi essere il primo ad aggiungerne!!
|
MARC
| LEADER | 00000nam a22000007a 4500 | ||
|---|---|---|---|
| 007 | 621.317 G911e | ||
| 008 | 170530b1992 xxua|||| |||| 00| ||spa d | ||
| 100 | |9 8638 |a Gualda Gil, Juan Andrés | ||
| 245 | |a Electrónica industrial: técnicas de potencia | ||
| 250 | |a 2 edición | ||
| 260 | |a México, Distrito Federal : Alfaomega |c 1992 | ||
| 300 | |a 477 páginas; ilustraciones | ||
| 650 | |x CONTROL ELECTRONICO |x INDUSTRIAS ELECTRICAS |x INGENIERÍA ELECTRÓNICA |x ELECTRONICA INDUSTRIAL |9 8641 | ||
| 700 | |9 8639 |a Martínez García, Salvador | ||
| 700 | |9 8640 |a Martínez Martínez, Pedro Manuel | ||
| 942 | |2 ddc |c BK | ||
| 999 | |c 18474 |d 18474 | ||
